El Museo de Gijón : (Record no. 160577)
[ view plain ]
| 000 -LEADER | |
|---|---|
| campo de control de longitud fija | 01075nam a2200229 i 4500 |
| 001 - NÚMERO DE CONTROL | |
| campo de control | 160577 |
| 003 - IDENTIFICADOR DE NÚMERO DE CONTROL | |
| campo de control | ES-MaACL |
| 005 - FECHA Y HORA DE LA ÚLTIMA TRANSACCIÓN | |
| campo de control | 20250716063318.0 |
| 008 - DATOS DE LONGITUD FIJA--INFORMACIÓN GENERAL | |
| campo de control de longitud fija | 931025s1878 sp |||| | spa d |
| 040 ## - FUENTE DE CATALOGACIÓN | |
| Centro catalogador/agencia de origen | AS |
| Lengua de catalogación | spa |
| Centro/agencia transcriptor | PAB |
| 100 1# - ENTRADA PRINCIPAL--NOMBRE DE PERSONA | |
| Nombre de persona | Navarro, Felipe Benicio, |
| Fechas asociadas al nombre | 1840-1901 |
| Término indicativo de función/relación | Autor |
| 9 (RLIN) | 85065 |
| 245 13 - MENCIÓN DEL TÍTULO | |
| Título | El Museo de Gijón : |
| Resto del título | relación crítica de la hermosa colección de dibujos que Gaspar Melchor de Jovellanos regaló al Real Instituto Asturiano / |
| Mención de responsabilidad, etc. | [Felipe Benicio Navarro] |
| 260 ## - PUBLICACIÓN, DISTRIBUCIÓN, ETC. | |
| Lugar de publicación, distribución, etc. | Barcelona : |
| Nombre del editor, distribuidor, etc. | [s.n.], |
| Fecha de publicación, distribución, etc. | 1878 |
| Fabricante | (Imp. de la Renaixensa, por Pedro Aldavert) |
| 300 ## - DESCRIPCIÓN FÍSICA | |
| Extensión | 26 páginas ; |
| Dimensiones | 30 cm. |
| 594 ## - Nota al título y mención de responsabilidad | |
| Nota al título y mención de responsabilidad | Encabezamiento tomado de Somoza, 1071 |
| 596 ## - NOTA AL PIE DE IMPRENTA | |
| NOTA AL PIE DE IMPRENTA | Pie de imp. tomado del colofón |
| 610 24 - PUNTO DE ACCESO ADICIONAL DE MATERIA--NOMBRE DE ENTIDAD CORPORATIVA | |
| Nombre de entidad corporativa o nombre de jurisdicción como elemento de entrada | Instituto de Jovellanos de Gijón. |
| Unidad subordinada | Museo. |
| 9 (RLIN) | 134547 |
| 852 ## - LOCALIZACIÓN | |
| Ubicación | ES-MaACL |
| Ubicación en estantería | Depósito folletos |
| Partes que faltan | Ejemplar falto de cub. original |
| Anotaciones manuscritas | Dedicatoria ms. del autor al Ateneo de Madrid |
| Donativo/Legado | Donativo de Felipe Benicio Navarro |
| Número de control de estantería | T-339-F-4 |
| Encuadernación | Enc. en un vol. facticio |
| -- | Holandesa |
| 942 ## - ELEMENTOS DE ENTRADA SECUNDARIOS (KOHA) | |
| Fuente del sistema de clasificación o colocación | Clasificación decimal universal |
| Tipo de ítem Koha | Folleto |
| Suprimir en OPAC | No |
| Estatus retirado | Estado de pérdida | Fuente del sistema de clasificación o colocación | Estado de daño | No para préstamo | Colección | Biblioteca de origen | Biblioteca actual | Ubicación en estantería | Fecha de adquisición | Fuente de adquisición | Número de control de estantería | Total de préstamos | Signatura topográfica completa | Código de barras | Visto por última vez | Tipo de ítem Koha | Nota pública |
|---|---|---|---|---|---|---|---|---|---|---|---|---|---|---|---|---|---|
| Clasificación decimal universal | Colección de folletos | Biblioteca del Ateneo de Madrid | Biblioteca del Ateneo de Madrid | Depósito folletos | 17/01/2008 | Donación | 1 | T-339-F-4 | 1168137 | 23/02/2023 | Folleto | Dedicatoria autógrafa del autor |
